| 000 | 01013nam0a22002771 4500 | ||
|---|---|---|---|
| 001 | rc\3804052 | ||
| 005 | 20260407221219.0 | ||
| 021 |
_aRU _b[75-47002] |
||
| 035 | _a(NLR Aleph) 007257094 | ||
| 090 |
_a5267346 _c5267346 |
||
| 100 | _a20120311d1975 |||y0rusy50 ca | ||
| 101 | 0 | _arus | |
| 102 | _aRU | ||
| 105 | _aa z ||||| | ||
| 200 | 1 |
_aКомсомолу Молдавии - 50 лет _e[Сборник] _fЦК ЛКСМ Молдавии |
|
| 210 |
_aКишинев _cИзд-во ЦК КП Молдавии _d1975 |
||
| 215 |
_a93 с. _cил. _d20х27 |
||
| 532 | 1 | 1 | _aКомсомолу Молдавии - пятьдесят лет |
| 601 | 0 | 2 |
_aЛКСМ Молдавии _xИстория _jСборники _2psbo |
| 606 |
_aКомсомольские организации и их работа _yМССР _2psbo |
||
| 712 | 0 | 2 |
_aЛКСМ Молдавии _bЦК _3RU\NLR\AUTH\8810148005 _9790495 |
| 801 | 0 |
_aRU _bNLR _gpsbo |
|
| 801 | 1 |
_aRU _bELAR _2rusmarc |
|
| 852 |
_aNLR _j75-7/520 |
||
| 942 | _cBOOK | ||
| 980 | _aNB | ||